MDQL
is popping MORE tags! Check the
thread
!
Quizzes
Events
Quiz Creation
Community
Videos
Private Events
Remove Ads
Sign In
Join for FREE
Feedback
Dark Mode
Quiz Categories
Sports
Geography
Music
Movies
Television
Just For Fun
Miscellaneous
History
Literature
Language
Science
Gaming
Entertainment
Religion
Holiday
For Kids
Quiz Lab
Recent
Popular Today
Quiz Kudos Today
Editor Picks
Curator Picks
Quizzes by...
Day
Popularity
Type
Ratings
Length
Year
Community
Subscriptions
Recent Discussions
Orange Saloon
Badges
Playlists
Quests
Create
Leaderboards
Showdown
Live 5
Trivia Bingo
Activity
Puzzle Library
Sporcle Events
Private Events
Virtual Trivia
Globe League
Become a Host
Pub Owners
SporcleCon
Opinionation
Our Games
Videos
Blog
Mobile Apps
Partnerships
Remove Ads and Go Orange
Feedback
Gaming
Video Games
Board Games
Card Games
Pokémon
Mario
Nintendo
Minecraft
Console
Toys
Legend of Zelda
Gaming
Video Games
Board Games
Card Games
Pokémon
Mario
Nintendo
Minecraft
Console
Toys
Legend of Zelda
Random Quiz
Search Sporcle
×
Curator Pick
Curator Pick
Gaming
Hockey
Type in answers that appear in a list
Type in answers that appear in a list
Classic
Best Score? Go Orange.
Athletes and Coaches With Their Own Super Nintendo Game Stats
Can you name the Athletes With Their Own Super Nintendo Game
By
s1rweeze
5m
28 Questions
159 Plays
159 Plays
159 Plays
Comments
Comments
Give Quiz Kudos
Give Quiz Kudos
-
- Ratings
hide this ad
More Info
Replay
Link that replays current quiz
Next Quiz
Link to next quiz in quiz playlist
You Got
0%
They Got
Avg Score
30%
Avg Friend Score
Upgrade to see
Score Distribution
Jump to the score distribution portion of the page
Score
0/28
Timer
05:00
0
Plays Today
Sport
Athlete/Coach
% Correct
Basketball
Michael Jordan
86.8%
Football
John Madden
78%
Hockey
Wayne Gretzky
75.5%
Baseball
Ken Griffey Jr.
66%
Tennis
Andre Agassi
55.3%
Fighting
Shaquille O'Neal
49.7%
Golf
Jack Nicklaus
44%
Boxing
George Foreman
37.7%
Basketball
Charles Barkley
35.8%
Racing
Michael Andretti
34.6%
Football
Emmitt Smith
33.3%
Racing
Kyle Petty
28.3%
Football
Troy Aikman
28.3%
Baseball
Frank Thomas
23.9%
Sport
Athlete/Coach
% Correct
Racing
Al Unser Jr.
22.6%
Baseball
Cal Ripken Jr.
21.4%
Baseball
Roger Clemens
20.8%
Hockey
Brett Hull
20.1%
Football
Bill Walsh
15.7%
Baseball
Nolan Ryan
14.5%
Tennis
Jimmy Connors
13.8%
Racing
Nigel Mansell
12.6%
Boxing
Riddick Bowe
10.7%
Basketball
Bill Laimbeer
10.1%
Soccer
Tony Meola
8.2%
Skiing/
Snowboarding
Tommy Moe
5%
Football
Sterling Sharpe
4.4%
Soccer
Kevin Keegan
1.9%
Quiz Playlist
Details
Report
Send in Message
Add To Playlist
More Info:
Sorry pro fisherman, I don't consider you athletes.
Classic:
Type in answers that appear in a list
Quiz Source
Last Updated: Feb 16, 2017
Curator Pick in
Nintendo
Quiz Scoreboard
CHALLENGE
Sign Up to Join the Scoreboard
Show All
Scores
Hide
Comments
May contain spoilers
Recently Published
Two Season TV Shows II
by 123Four
Television
10m
Image Sorting: Flags VI
by Barbecue
Geography
2m
Find the 'City' Movie
by crazypaving
Movies
60s
More to Explore
Quiz From the Vault
Featured Blog Post
14 Easter Pick-up Lines to Find Eggs With
hide this ad
You Might Also Like...
Tags
Baseball Quiz
Basketball Quiz
Football Quiz
Hockey Quiz
Nintendo Quiz
Soccer Quiz
Video Games Quiz
Boxing
futbol
Today's Top Quizzes in Gaming
Browse Gaming
hide this ad
Today's Top Quizzes in Hockey
Browse Hockey
Top Contributed Quizzes in Gaming
1
League of Legends Pro Players by Career/Team History
2
Destiny 2 exotic weapons by perk icons
3
Genshin Impact Logic Puzzle
4
Genshin murder mystery
5
Dead By Daylight Logic Puzzle
6
4x4 Decades: Video Games
7
Ultimate Genshin Impact Logic Puzzle (up to 4.3)
8
Overwatch Logic Puzzle
9
Who's on the WWE 2K24 Cover?
10
Overwatch 2: Ultimate Ability Icons
Explore More
Trending Topics
Disney
Harry Potter
Anime
Kpop
Crossword
Marvel
NBA
Song
The Office
Country
WWE
NFL
Pokémon
Puzzle
Soccer
hide this ad
More By:
s1rweeze
Quiz
Plays
Rating
Category
Featured
Created
Pro Wrestling Illustrated Top 50 of 1991
7,435
4.18
Sports
Oct 20, 2009
WWE Wrestlemania Money in the Bank Participants
4,208
4.20
Sports
Mar 17, 2010
IGN's Top 100 Super Nintendo Games
1,682
3.75
Gaming
Jul 27, 2012
Super Nintendo Ending Screens
1,551
4.69
Gaming
Oct 7, 2013
Top 100 N64 Games
1,237
3.33
Gaming
Dec 30, 2010
Go to Creator's Profile
Score Distribution
Quiz Creator Spotlight
s1rweeze
Follow
Send a Message
Quizzes Created
-
Created Quiz Play Count
-
More By This Creator
Popular Quizzes Today
1
Colored Red Africa Blitz
2
Find the US States - No Outlines Minefield
3
Find the 'City' Movie
4
5x2 Blitz: Bands
5
The Countries of the World
6
Find the US States
7
Find the Countries of Europe - No Outlines Minefield
8
US States
More Gaming Quizzes
Mastermind
Published
Trending Quizzes
Colored Red Europe Blitz I
Colored Red Africa Blitz II
Colored Red Europe Blitz II
Colored Red Africa Blitz III
Colored Red Europe Blitz III
Recently Updated
How Do You Spell That?
pecheneg
Godzilla Movies
pecheneg
Grab Bag: 4-10 Letters
pecheneg
2024 March Madness Bracket
pecheneg
Famous TV Couples
Peacemaker
Champions League XIs: Real Madrid
pecheneg
Largest US Cities 1790-2010
pecheneg
Rides in Walt Disney World
pecheneg
Most Oscar Losses (Acting)
pecheneg
Beyoncé Albums
pecheneg
Trending Topics
Disney
Crossword
Marvel
NBA
Harry Potter
Kpop
Anime
Soccer
Puzzle
Country
Song
NFL
WWE
Pokémon
The Office
Your Account Isn't Verified!
In order to create a playlist on Sporcle, you need to verify the email address you used during registration. Go to your
Sporcle Settings
to finish the process.
Report this User
Report this user for behavior that violates our
Community Guidelines
.
Details:
Send Report
Go to the Sporcle.com Mobile Site →
Comments